000 00550nam a2200229Ia 4500
003 OSt
005 20221005115030.0
006 a|||||r|||| 00| 0
007 ta
008 221004b |||||||| |||| 00| 0 eng d
024 _a63041
037 _cTextual
040 _aCRL
_cCRL
_beng
041 _2eng
_aeng
082 _aV225CB:7, H7
100 _aYazdani G
245 0 _aBidar, its history and monuments
260 _c1947
650 _aHISTORY
942 _hV225CB:7, H7
_cTEXL
_2cc
999 _c1033246
_d1033246